| 000 | 00487nam a2200217Ia 4500 | ||
|---|---|---|---|
| 003 | IT-RoPAU | ||
| 008 | 120407s9999 xx 000 0 und d | ||
| 040 | _aIT-RoPAU | ||
| 040 | _cIT-RoPAU | ||
| 041 | _alat | ||
| 100 | _aT. Stella | ||
| 245 | _aDurandus e Sancto Porciano. Quolibeta avenionensia tria. Cura T. Stella | ||
| 250 | _aZurich | ||
| 260 | _aPas - Verlag | ||
| 260 | _c1965 | ||
| 300 | _a331 p. | ||
| 300 | _c24 cm | ||
| 490 | _v1 | ||
| 942 | _cBK | ||
| 999 |
_c32767 _d32767 |
||